Guide to machine strength grading of timber. (Record no. 103904)

MARC details
000 -LEADER
fixed length control field 00936cam a2200253 4500
008 - FIXED-LENGTH DATA ELEMENTS--GENERAL INFORMATION
fixed length control field 040505n2003 000 0 eng u
020 ## - INTERNATIONAL STANDARD BOOK NUMBER
International Standard Book Number 1860816207
035 ## - SYSTEM CONTROL NUMBER
System control number (Sirsi) u128386
041 ## - LANGUAGE CODE
Language code of text/sound track or separate title eng
050 ## - LIBRARY OF CONGRESS CALL NUMBER
Classification number 691.1
-- 18
100 ## - MAIN ENTRY--PERSONAL NAME
Personal name Benham, C.
245 ## - TITLE STATEMENT
Title Guide to machine strength grading of timber.
260 ## - PUBLICATION, DISTRIBUTION, ETC.
Place of publication, distribution, etc. Watford
Name of publisher, distributor, etc. BRE
Date of publication, distribution, etc. 2003
300 ## - PHYSICAL DESCRIPTION
Extent 12p.
Dimensions 30cm.
490 ## - SERIES STATEMENT
Series statement BRE Digest
Volume/sequential designation 476
520 ## - SUMMARY, ETC.
Summary, etc. Provides a guide to the grading of timber by machine. Aims to improve knowledge of the process and highlight its benefits. It also explains some aspects of statistics, the concept of distribution, and modification and adjustment factors which are integral to timber grading practice.
650 ## - SUBJECT ADDED ENTRY--TOPICAL TERM
Topical term or geographic name entry element TIMBER
690 ## - LOCAL SUBJECT ADDED ENTRY--TOPICAL TERM (OCLC, RLIN)
Topical term or geographic name as entry element BUILT ENVIRONMENT-BUILDING MATERIALS
700 ## - ADDED ENTRY--PERSONAL NAME
Personal name Holland, C.
700 ## - ADDED ENTRY--PERSONAL NAME
Personal name Enjily, V.
710 ## - ADDED ENTRY--CORPORATE NAME
Corporate name or jurisdiction name as entry element Forestry Commission
9 (RLIN) 804
710 ## - ADDED ENTRY--CORPORATE NAME
Corporate name or jurisdiction name as entry element Building Research Establishment
942 ## - ADDED ENTRY ELEMENTS (KOHA)
Suppress in OPAC 0
Holdings
Withdrawn status Lost status Source of classification or shelving scheme Damaged status Not for loan Home library Current library Shelving location Date acquired Total Checkouts Full call number Barcode Date last seen Copy number Price effective from Koha item type
    Dewey Decimal Classification     London London BRE publications 21/12/2004   ENQUIRY DESK 30069820 06/08/2019 1 06/08/2019 Book